000
00256 a2200097 4500
090
_c
3591
_d
3591
100
_a
Er. V.K.Jain
245
_a
Programming Java Server Pages and Servlets
260
_a
Dreamtech Press
_b
New Delhi
_c
2001
942
_a
NBS
_c
BK
_k
005.1 JAI
999
_c
346063
_d
346063